UITU Library & LRC     

An Introduction to Applied Numerical Linear Algebra using MATLAB (Record no. 16394)

MARC details
000 -LEADER
fixed length control field 00511nam a2200181Ia 4500
008 - FIXED-LENGTH DATA ELEMENTS--GENERAL INFORMATION
fixed length control field 240925s9999 xx 000 0 und d
020 ## - INTERNATIONAL STANDARD BOOK NUMBER
International Standard Book Number 9788184874907
082 ## - DEWEY DECIMAL CLASSIFICATION NUMBER
Classification number 512.5 BUT
100 ## - MAIN ENTRY--PERSONAL NAME
Personal name Butt, Rizwan
245 #3 - TITLE STATEMENT
Title An Introduction to Applied Numerical Linear Algebra using MATLAB
250 ## - EDITION STATEMENT
Edition statement NA
260 ## - PUBLICATION, DISTRIBUTION, ETC.
Place of publication, distribution, etc. New Delhi:
Name of publisher, distributor, etc. Narosa Publishing House
Date of publication, distribution, etc. ,2015.
300 ## - PHYSICAL DESCRIPTION
Extent 385p.
Other physical details 0
Type of unit Original
500 ## - GENERAL NOTE
General note Includes Index
600 ## - SUBJECT ADDED ENTRY--PERSONAL NAME
Personal name Humanities & Natural Science
650 ## - SUBJECT ADDED ENTRY--TOPICAL TERM
Topical term or geographic name entry element Mathematics
942 ## - ADDED ENTRY ELEMENTS (KOHA)
Koha item type Books
Holdings
Withdrawn status Lost status Damaged status Not for loan Collection Home library Current library Date acquired Source of acquisition Cost, normal purchase price Total checkouts Full call number Barcode Date last seen Price effective from Koha item type
        Engineering Technology UITU Library UITU Library 01/22/2019 Allied Book Company 1445.60   512.5 BUT Q13895 09/25/2024 09/25/2024 Books

Powered by Koha